Метод вольтамперометрии в определении антиоксидантных свойств некоторых биологически активных соединений: автореферат диссертации на соискание ученой степени кандидата химических наук; спец. 02.00.02

Bibliografiske detaljer
Hovedforfatter: Вторушина А. Н. Анна Николаевна
Institution som forfatter: Томский политехнический университет (ТПУ)
Andre forfattere: Короткова Е. И. Елена Ивановна (научный руководитель)
Summary:Защита сост. 19.11.2008 г.
Sprog:russisk
Udgivet: Томск, [Б. и.], 2008
Fag:
Format: MixedMaterials Bog
KOHA link:https://koha.lib.tpu.ru/cgi-bin/koha/opac-detail.pl?biblionumber=148279

MARC

LEADER 00000nam0a2200000 4500
001 148279
005 20240119115349.0
035 |a (RuTPU)RU\TPU\book\160735 
090 |a 148279 
100 |a 20081201d2008 k y0rusy50 ca 
101 0 |a rus 
102 |a RU 
105 |a a dm 001zy 
200 1 |a Метод вольтамперометрии в определении антиоксидантных свойств некоторых биологически активных соединений  |e автореферат диссертации на соискание ученой степени кандидата химических наук  |e спец. 02.00.02  |f А. Н. Вторушина  |g Томский политехнический университет (ТПУ) ; науч. рук. Е. И. Короткова 
210 |a Томск  |c [Б. и.]  |d 2008 
215 |a 21 с.  |c ил. 
300 |a Защита сост. 19.11.2008 г. 
320 |a Библиогр.: с. 20-21 (19 назв.). 
610 1 |a биологически активные соединения 
610 1 |a свойства 
610 1 |a классификация 
610 1 |a распространение 
610 1 |a антиоксиданты 
610 1 |a антиоксидантные свойства 
610 1 |a фенольные соединения 
610 1 |a исследование 
610 1 |a электрохимические методы 
610 1 |a авторефераты диссертаций 
610 1 |a труды учёных ТПУ 
675 |a 577.15/.19(04)  |v 3 
686 |a 02.00.02  |2 oksvnk 
700 1 |a Вторушина  |b А. Н.  |c специалист в области экологии и безопасности жизнедеятельности  |c доцент Томского политехнического университета, кандидат химических наук  |f 1981-  |g Анна Николаевна  |9 13198 
702 1 |a Короткова  |b Е. И.  |c химик  |c профессор Томского политехнического университета, доктор химических наук  |f 1965-  |g Елена Ивановна  |3 (RuTPU)RU\TPU\pers\27109  |4 727 
712 0 2 |a Томский политехнический университет (ТПУ)  |c (1991- )  |3 (RuTPU)RU\TPU\col\376 
801 1 |a RU  |b 63413507  |c 20081201  |g PSBO 
801 2 |a RU  |b 63413507  |c 20150603  |g PSBO 
942 |c BK